Last Lines of Famous Novels Quiz Stats

 Plays Quiz Updated Jan 18, 2014

Challenge
Share
Tweet
Embed
Score 0/16 Timer 06:00
5 Plays Today
Last Line Novel % Correct
'He loved Big Brother.'1984
90.8%
'Darcy, as well as Elizabeth...were both ever sensible of the warmest gratitude towards the persons who, by bringing her into Derbyshire, had been the means of uniting them.'Pride and Prejudice
81.6%
'Tomorrow is another day.'Gone with the Wind
56.1%
'The old man was dreaming about the lions.'The Old Man and the Sea
44.3%
'So we beat on, boats against the current, borne back ceaselessly into the past.'The Great Gatsby
35.2%
'He turned away to give them time to pull themselves together; and waited, allowing his eyes to rest on the trim cruiser in the distance.'Lord of the Flies
33.3%
'It's funny. Don't ever tell anybody anything. If you do, you start missing everybody.'Catcher in the Rye
32%
'Poo-tee-weet?'Slaughterhouse-Five
20%
Last Line Novel % Correct
'The knife came down, missing him by inches, and he took off.'Catch-22
18.1%
'South-south-west, south, south-east, east.'Brave New World
9.6%
'A way a lone a last a loved a long the'Finnegans Wake
8.4%
'I swear by my life and my love of it, that I will never live for the sake of another man, nor ask another man to live for mine.'Atlas Shrugged
6.9%
'He was soon borne away by the waves and lost in darkness and distance.'Frankenstein
6.7%
''Meet Mrs Bundren,' he says.'As I Lay Dying
5.5%
'All human wisdom is contained in these words: Wait and hope!'The Count of Monte Cristo
4%
'She called in her soul to come and see.'Their Eyes Were Watching God
3.6%

You're not logged in!

Compare scores with friends on all Sporcle quizzes.
OR
Log In

You Might Also Like...

Show Comments

Extras

Top Quizzes Today


Score Distribution

Your Account Isn't Verified!

In order to create a playlist on Sporcle, you need to verify the email address you used during registration. Go to your Sporcle Settings to finish the process.

Report this User

Report this user for behavior that violates our Community Guidelines.

Details: